000 01118nam a22002537a 4500
001 22211
005 20260409145731.0
008 260408b |||||||| |||| 00| 0 spa d
041 _aESP
082 _a628.1683
_bR81
100 _aRomero Rojas, Jairo Alberto
245 _aAguas residuales industriales
260 _a :
_b ,
_c2018
300 _a434 páginas :
_b ;
_c24 cm.
440 _a ;
650 _aCNM
654 _aCII
700 _a;
856 _uhttps://itmsp.museknowledge.com/UCSP?url=https://www.ebooks7-24.com:443/?il=7576&pg=1
_zVéase además: Manual de las aguas residuales industriales. Versión digital
856 _uhttps://0u213vsk5-y-https-ebooks7--24-com.itmsp.museknowledge.com/biblioteca.aspx
_zVéase además: Base de datos Ebook7-24
856 _uhttps://0u20fvsoj-y-https-research-ebsco-com.itmsp.museknowledge.com/c/qxo6us/search
_zVéase además: Base de datos EBSCOhost
856 _uhttps://0u20vvsoo-y-https-ebookcentral-proquest-com.itmsp.museknowledge.com/lib/catolicasp/home.action
_zVéase además: Base de datos ProQuest Ebook Central
942 _cLIB
_dJUS
_fJUS
_n0
_2ddc
999 _c22211
_d22211